00325nam a2200133Ia 4500003000400000008004100004040001600045082001300061100002600074245003800100260003300138300001000171650001000181GCL140319s9999 xx 000 0 eng d aGCL / cGCL04a952bT T1 aTOKURIKI, TOMIKICHIRO10aTOKAIDO / cTOKURIKI, TOMIKICHIRO a[S.N] : bHOIKUSHA ، c1993 a124 P04aJAPAN